000
00244nam a2200085Ia 4500
008
120527s9999 xx 000 0 und d
100
_a
TAYLOR, David
245
_a
The use of donkeys horses and mules in the former ciskei region of the
942
_c
BK
999
_c
25137
_d
25137